| 000 | 00728nam a2200205 i 4500 | ||
|---|---|---|---|
| 001 | 168070 | ||
| 003 | ES-MaACL | ||
| 005 | 20230906213656.0 | ||
| 008 | 051005s1865 gw | |||||||| ||eng d | ||
| 040 |
_aCAM _bspa _cCAM |
||
| 100 | 1 |
_aYonge, Charlotte Mary ( _d1823-1901) _9133993 |
|
| 245 | 1 | 4 |
_aThe clever woman of the family / _cby the author "The heir of Redclyffe". |
| 260 |
_aLeipzig : _bBernhard Tauchnitz, _c1865. |
||
| 300 |
_a1 v. (328 ; 326 p.) ; _c16 cm. |
||
| 490 | 1 |
_aCollection of british authors ; _v768 ; 769 |
|
| 594 | _aAutor tomado de BLPC. | ||
| 830 | 0 |
_aCollection of british authors ; _v768 ; 769 _9180703 |
|
| 852 |
_aES-MaACL _jG-13129 _z-- Enc. hol. _z-- Enc. 2 t. en 1 v. |
||
| 999 |
_c168070 _d168070 |
||